2019 NBA Dream Starting Lineup - Statistics

General Stats
  • This quiz has been taken 705 times
    576 since last reset
  • The average score is 4 of 5
Answer Stats
Position Player % Correct
PG Stephen Curry
92%
PF LeBron James
79%
SG James Harden
75%
SF Kawhi Leonard
75%
C Anthony Davis
74%
No matching quizzes found
Score Distribution
Percent of People with Each Score
Percentile by Number Answered
Your Score History
You have not taken this quiz since the last reset